Electric Wizard Songs - Statistics

General Stats
  • This quiz has been taken 19 times
  • The average score is 26 of 68
Answer Stats
Album Song % Correct
Dopethrone (2000) Barbarian
92%
Dopethrone (2000) Dopethrone
92%
Dopethrone (2000) Funeralopolis
92%
Dopethrone (2000) Vinum Sabbathi
92%
Dopethrone (2000) The Hills Have Eyes
83%
Dopethrone (2000) I, the Witchfinder
75%
Come My Fanatics... (1997) Return Trip
75%
Supercoven (1998) Supercoven
75%
Electric Wizard (1995) Electric Wizard
67%
Dopethrone (2000) We Hate You
67%
Dopethrone (2000) Weird Tales / Electric Frost / Golgotha / Altar of Melektaus
67%
Come My Fanatics... (1997) Wizard In Black
67%
Black Masses (2010) Black Mass
58%
Witchcult Today (2007) Dunwich
58%
Witchcult Today (2007) Satanic Rites of Drugula
58%
Wizard Bloody Wizard (2017) See You In Hell
58%
Witchcult Today (2007) The Chosen Few
58%
Witchcult Today (2007) Witchcult Today
58%
Electric Wizard (1995) Behemoth
50%
Time to Die (2014) Time to Die
50%
We Live (2004) We Live
50%
Come My Fanatics... (1997) Doom-Mantia
42%
Time to Die (2014) Funeral of Your Mind
42%
Wizard Bloody Wizard (2017) Mourning of the Magicians
42%
Witchcult Today (2007) Saturnine
42%
Witchcult Today (2007) Torquemada 71
42%
Electric Wizard (1995) Black Butterfly
33%
Supercoven (1998) Burnout
33%
We Live (2004) Eko Eko Azarak / Invocation / Ritual
33%
We Live (2004) Flower of Evil A.K.A. Malfiore
33%
Time to Die (2014) Incense for the Damned
33%
Electric Wizard (1995) Mountains of Mars
33%
Black Masses (2010) Patterns of Evil
33%
Witchcult Today (2007) Raptus
33%
Black Masses (2010) Scorpio Curse
33%
Come My Fanatics... (1997) Solarian 13
33%
Come My Fanatics... (1997) Son of Nothing
33%
Electric Wizard (1995) Stone Magnet
33%
We Live (2004) The Sun Has Turned to Black
33%
Black Masses (2010) Turn Off Your Mind
33%
Black Masses (2010) Venus In Furs
33%
Let Us Prey (2002) ...A Chosen Few
25%
Black Masses (2010) Crypt of Drugula
25%
Time to Die (2014) Destroy Those Who Love God
25%
Wizard Bloody Wizard (2017) Hear the Sirens Scream
25%
Time to Die (2014) I Am Nothing
25%
Electric Wizard (1995) Mourning Prayer
25%
Black Masses (2010) Satyr IX
25%
Black Masses (2010) The Nightchild
25%
Wizard Bloody Wizard (2017) Wicked Caresses
25%
We Live (2004) Another Perfect Day?
17%
Witchcult Today (2007) Black Magic Rituals & Perversions
17%
Electric Wizard (1995) Devil's Bride
17%
Come My Fanatics... (1997) Ivixor B / Phase Inducer
17%
Time to Die (2014) Lucifer's Slaves
17%
Wizard Bloody Wizard (2017) Necromania
17%
We Live (2004) Saturn's Children
17%
We Live (2004) The Living Dead at Manchester Morgue
17%
Wizard Bloody Wizard (2017) The Reaper
17%
Let Us Prey (2002) We, the Undead
17%
Let Us Prey (2002) Master of Alchemy / House of Whipcord / The Black Drug
8%
Let Us Prey (2002) Night of the Shape
8%
Let Us Prey (2002) Priestess of Mars
8%
Time to Die (2014) SadioWitch
8%
Time to Die (2014) Saturn Dethroned
8%
Let Us Prey (2002) The Outsider
8%
We Live (2004) Tutti i colori del buio
8%
Time to Die (2014) We Love the Dead
8%
No matching quizzes found
Score Distribution
Percent of People with Each Score
Percentile by Number Answered
Your Score History
You have not taken this quiz